000 00574nam a2200193 i 4500
001 82642
003 ES-MaACL
005 20250808063911.0
007 t|
008 041111s1962 sp ||||1| spa d
245 0 0 _aIniciación cívica /
_cG. Blardone ... [et al.].
260 _aMadrid :
_bEdit. Popular,
_c[1962]
300 _a150 p. ;
_c17 cm.
650 4 _aCivismo-
_zFrancia.
_9166088
651 7 _aFrancia-
_xHistoria-
_y1944-1958, IV República
_2
_9139864
700 1 _aBlardone, Gilbert.
_929336
852 _aES-MaACL
_jC-21369
_bR.49897
999 _c82642
_d82642